Lee, Grant and Sherman; (Record no. 552042)

000 -LEADER
fixed length control field 00513cam a22001331 4500
082 ## - DEWEY DECIMAL CLASSIFICATION NUMBER
Classification number 355.009241
Author Mark BUR
100 1# - MAIN ENTRY--PERSONAL NAME
Personal name Burne, Alfred Higgins,
9 (RLIN) 48583
245 10 - TITLE STATEMENT
Title Lee, Grant and Sherman;
Remainder of title a study in leadership in the 1864-65 campaign,
Statement of responsibility, etc. by Lieut.-Colonel Alfred H. Burne.
260 ## - PUBLICATION, DISTRIBUTION, ETC.
Place of publication, distribution, etc. Aldershot,
Name of publisher, distributor, etc. Gale & Polden, limited,
Date of publication, distribution, etc. 1938.
300 ## - PHYSICAL DESCRIPTION
Extent xv, 216 p. incl. tab.
Other physical details front. (6 port.) maps (part fold., 1 in pocket)
Dimensions 22.5 cm.
526 ## - STUDY PROGRAM INFORMATION NOTE
Program name 0
Interest level 0
Reading level 0
Title point value 355_009241000000000_BUR
650 ## - SUBJECT ADDED ENTRY--TOPICAL TERM
Topical term or geographic name entry element MCE
9 (RLIN) 379
942 ## - ADDED ENTRY ELEMENTS (KOHA)
Source of classification or shelving scheme
Koha item type Book
Holdings
Withdrawn status Lost status Source of classification or shelving scheme Damaged status Not for loan Permanent Location Current Location Shelving location Date acquired Total Checkouts Full call number Barcode Date last seen Price effective from Koha item type
          Military College of Engineering (MCE) Military College of Engineering (MCE)   01/06/2015   355.009241 BUR MCE-ECL / 63 01/06/2015 01/06/2015 Book
© 2023 Central Library, National University of Sciences and Technology. All Rights Reserved.